MDQL
is popping MORE tags! Check the
thread
!
Quizzes
Events
Quiz Creation
Community
Videos
Private Events
Remove Ads
Sign In
Join for FREE
Feedback
Dark Mode
Quiz Categories
Sports
Geography
Music
Movies
Television
Just For Fun
Miscellaneous
History
Literature
Language
Science
Gaming
Entertainment
Religion
Holiday
For Kids
Quiz Lab
Recent
Popular Today
Quiz Kudos Today
Editor Picks
Curator Picks
Quizzes by...
Day
Popularity
Type
Ratings
Length
Year
Community
Subscriptions
Recent Discussions
Orange Saloon
Badges
Playlists
Quests
Create
Leaderboards
Showdown
Live 5
Trivia Bingo
Activity
Puzzle Library
Sporcle Events
Private Events
Virtual Trivia
Globe League
Become a Host
Pub Owners
SporcleCon
Opinionation
Our Games
Videos
Blog
Mobile Apps
Partnerships
Remove Ads and Go Orange
Feedback
Science
Computer
Plants
Astronomy
Chemistry
Elements
Math
Animal
Physics
Anatomy
Biology
Geology
General Science
Science
Computer
Plants
Astronomy
Chemistry
Elements
Math
Animal
Physics
Anatomy
Biology
Geology
General Science
Random Quiz
Search Sporcle
×
Quiz Lab
Quiz Lab
Science
shark
Type in answers that appear in a list
Type in answers that appear in a list
Classic
Best Score? Go Orange.
Shark head Stats
Can you name the shark head?
By
rlewie11
15m
37 Questions
21 Plays
21 Plays
21 Plays
Comments
Comments
Give Quiz Kudos
Give Quiz Kudos
-
- Ratings
hide this ad
Forced Order
Answers have to be entered in order
Answers have to be entered in order
Random Order
Randomize order of answers
Randomize order of answers
Replay
Link that replays current quiz
Next Quiz
Link to next quiz in quiz playlist
You Got
0%
They Got
Avg Score
68%
Avg Friend Score
Upgrade to see
Score Distribution
Jump to the score distribution portion of the page
Score
0/37
Timer
15:00
0
Plays Today
number
name
% Correct
6
optic
85.7%
36
trochlear
85.7%
9
oculomotor
81%
30 semicircular canal
semicircular canal
81%
37
superficial ophthalmic
81%
1
olfactory sac
76.2%
2
olfactory bulb
76.2%
14
auditory
76.2%
25 muscle
muscle
76.2%
26 muscle
muscle
76.2%
31 otic capsule
otic capsule
76.2%
33
spiracle
76.2%
34 muscle
muscle
76.2%
5
deep ophthalmic
71.4%
7
infraorbital trunk
71.4%
8
trochlear
71.4%
15
glossopharyngeal
71.4%
27
hypoglossal
71.4%
28
spinal cord
71.4%
number
name
% Correct
32
hyomandibular
71.4%
35
deep ophthalmic
71.4%
10
superficial ophthalmic
66.7%
12
palatine
66.7%
18
gill pouch
66.7%
22
pretrematic
66.7%
23
posttrematic
66.7%
11
mandibular
61.9%
17
occipital
61.9%
29
spinal nerves
61.9%
3
buccal branch
57.1%
4
maxillary branch
52.4%
16
petrosal ganglion
52.4%
20
branchial of vagus
52.4%
21
visceral of vagus
52.4%
24
intestinal
52.4%
13
geniculate ganglion
47.6%
19
lateral of vagus
47.6%
Quiz Playlist
Details
Report
Send in Message
Add To Playlist
Classic:
Type in answers that appear in a list
Forced Order:
Answers have to be entered in order
Random Order:
Randomize order of answers
Last Updated: Feb 16, 2017
Quiz Scoreboard
CHALLENGE
Sign Up to Join the Scoreboard
Show All
Scores
Hide
Comments
May contain spoilers
Recently Published
1-10 Letter E Words III
by El_Dandy
Language
2m
Street Fighter Characters
by Artimus82
Gaming
60s
College Basketball Coaching Resumes
by pancakes188
Sports
9m
More to Explore
Quiz From the Vault
Featured Blog Post
Where Did the Easter Bunny Come From?
hide this ad
You Might Also Like...
Tags
shark
Today's Top Quizzes in Science
Browse Science
hide this ad
Today's Top Quizzes in shark
Browse shark
Top Contributed Quizzes in Science
1
Quick Pick: Radians
2
The First 100 Digits of Pi
3
Quick Pick: 'CI-CJ' Animals
4
Elements In Images
5
perfect squares 1-25
6
One Thing in Common: Science
7
One Thing in Common: Science II
8
One Thing in Common: Animals
9
One Thing in Common: Science III
10
Order Up: Organs and Body Systems
Explore More
Trending Topics
Marvel
Harry Potter
Kpop
Anime
NBA
Disney
Crossword
WWE
The Office
NFL
Song
Soccer
Pokémon
Puzzle
Country
hide this ad
More By:
rlewie11
Quiz
Plays
Rating
Category
Featured
Created
cat humerus, radius, and scapula
498
Science
Sep 18, 2012
Sagittal view of cat skull
451
Science
Sep 18, 2012
Parts of a cat's tibia, femur and pelvic girdle
374
Science
Sep 18, 2012
Cat vertebrae
241
Science
Sep 18, 2012
shark brain
175
5.00
Science
Dec 1, 2012
Go to Creator's Profile
Score Distribution
Quiz Creator Spotlight
rlewie11
Follow
Send a Message
Quizzes Created
-
Created Quiz Play Count
-
More By This Creator
Popular Quizzes Today
1
Find the US States - No Outlines Minefield
2
Find the Countries of Europe - No Outlines Minefield
3
The Countries of the World
4
Find the US States
5
Risky Map Clicking: Biggest States A-Z
6
US States
7
Popular People in 1961
8
Movies - When Are They Set?
More Science Quizzes
Blitz: Animal, Vegetable or Mineral? (A)
Published
Trending Quizzes
Risky Map Clicking: Least Populous States A-Z
USA Borders Longest to Shortest
1-10 Letter G Words
1-10 Letter F Words
Countries of the World: 200 Million BC
Recently Updated
Leaping Animals
pecheneg
Reality TV Shows (A-Z)
bhenderson79
Rickey Henderson's Hall of Fame Teammates
pecheneg
Champions League XIs: Arsenal
pecheneg
Quick Pick: Celebrities in WWE's Hall of Fame
aduchscher
A-Z Keypad Blitz II
pecheneg
Multiple Oscar Actors
pecheneg
Mystery Phrase Blitz: Oscar 'Best Actors'
pecheneg
F. Scott Fitzgerald Novels
LTH
Pick 3 Villains
ddd62291
Trending Topics
Harry Potter
Kpop
Anime
Disney
Marvel
NBA
Crossword
Soccer
Country
The Office
NFL
Puzzle
WWE
Song
Pokémon
Your Account Isn't Verified!
In order to create a playlist on Sporcle, you need to verify the email address you used during registration. Go to your
Sporcle Settings
to finish the process.
Report this User
Report this user for behavior that violates our
Community Guidelines
.
Details:
Send Report
Go to the Sporcle.com Mobile Site →
Comments